| 000 | 00402nam a2200181Ia 4500 | ||
|---|---|---|---|
| 008 | 090123s9999 xx 000 0 und d | ||
| 082 | _b42316 | ||
| 100 | _aROBERT LUDLUM'S | ||
| 245 | _aTHE ALTMAN CODE | ||
| 250 | _a1 | ||
| 260 | _c2004 | ||
| 300 | _a488 | ||
| 600 | _aROBERT LUDLUM'S | ||
| 630 | _aTHE ALTMAN CODE | ||
| 700 | _aROBERT LUDLUM'S | ||
| 730 | _aTHE ALTMAN CODE | ||
| 942 | _cBOOK | ||
| 999 |
_c80393 _d80393 |
||